000 00299nam a22001337a 4500
008 180117b xxu||||| |||| 00| 0 eng d
020 _a0688042198
041 _aeng
080 _a7
100 _a44
101 _aART
245 _aThe traveller's photography handbook
_cCalder,J
942 _2udc
_cBK
999 _c40435
_d40435